00298nam a2200121Ia 4500008004100000041000800041100002100049245002300070260003900093300000800132650001500140999002100155240109s9999 xx 000 0 und d aeng aParker Palmer J. aA Hidden Wholeness bWiley India Private Ltd. New Delhi a259 aManagement c1035168d1035168